Kuala Lumpur ERL KLIA Transit/Express Line - Statistics

General Stats
  • This quiz has been taken 8 times
  • The average score is 5 of 6
Answer Stats
Station Code Station Name % Correct
KT3 Putrajaya & Cyberjaya (Putrajaya Sentral)
100%
KT2 Bandar Tasik Selatan
83%
KT5 KLIA Terminal 1
83%
KT6 KLIA Terminal 2
83%
KT1 KL Sentral
83%
KT4 Salak Tinggi
67%
No matching quizzes found
Score Distribution
Percent of People with Each Score
Percentile by Number Answered
Your Score History
You have not taken this quiz